Meet the American Jew. (Record no. 1580)
[ view plain ]
| 000 -LEADER | |
|---|---|
| fixed length control field | 00791cam a22002771 4500 |
| 001 - CONTROL NUMBER | |
| control field | 10319369 |
| 003 - CONTROL NUMBER IDENTIFIER | |
| control field | GBCCL |
| 005 - DATE AND TIME OF LATEST TRANSACTION | |
| control field | 20241126110404.0 |
| 008 - FIXED-LENGTH DATA ELEMENTS--GENERAL INFORMATION | |
| fixed length control field | 720622s1963 tnu b 000 0 eng |
| 010 ## - | |
| -- | 63019072 |
| 035 ## - SYSTEM CONTROL NUMBER | |
| System control number | (OCoLC)338086 |
| 040 ## - CATALOGING SOURCE | |
| Original cataloging agency | DLC |
| Transcribing agency | OU |
| Modifying agency | OCoLC |
| -- | MnDuStS |
| -- | DLC |
| 042 ## - | |
| -- | premarc |
| 043 ## - | |
| -- | n-us--- |
| 050 00 - | |
| -- | BM205 |
| -- | .M4 |
| 082 #0 - DEWEY DECIMAL CLASSIFICATION NUMBER | |
| Classification number | 296.0973 |
| Item number | MEE |
| 100 1# - MAIN ENTRY--PERSONAL NAME | |
| Personal name | Menkus, Belden, |
| Relator term | ed. |
| 9 (RLIN) | 3202 |
| 245 10 - TITLE STATEMENT | |
| Title | Meet the American Jew. |
| Statement of responsibility, etc. | Assisted by Arthur Gilbert. |
| 260 ## - PUBLICATION, DISTRIBUTION, ETC. | |
| Place of publication, distribution, etc. | Nashville, |
| Name of publisher, distributor, etc. | Broadman Press [1963] |
| 300 ## - PHYSICAL DESCRIPTION | |
| Extent | 164 p. |
| Dimensions | 22 cm. |
| 504 ## - BIBLIOGRAPHY, ETC. NOTE | |
| Bibliography, etc. note | Bibliographical footnotes. |
| 650 #0 - SUBJECT ADDED ENTRY--TOPICAL TERM | |
| Topical term or geographic name entry element | Judaism |
| Geographic subdivision | United States. |
| 9 (RLIN) | 3203 |
| 650 #0 - SUBJECT ADDED ENTRY--TOPICAL TERM | |
| Topical term or geographic name entry element | Jews |
| Geographic subdivision | United States. |
| 9 (RLIN) | 3204 |
| 906 ## - LOCAL DATA ELEMENT F, LDF (RLIN) | |
| a | 7 |
| b | cbc |
| c | oclcrpl |
| d | u |
| e | ncip |
| f | 19 |
| g | y-gencatlg |
| 942 ## - ADDED ENTRY ELEMENTS (KOHA) | |
| Source of classification or shelving scheme | Dewey Decimal Classification |
| Koha item type | Books |
| Koha issues (borrowed), all copies | 1 |
| Withdrawn status | Lost status | Source of classification or shelving scheme | Damaged status | Not for loan | Home library | Current Library | Shelving location | Date acquired | Total checkouts | Full call number | Barcode | Date last seen | Date last checked out | Copy number | Price effective from | Koha item type |
|---|---|---|---|---|---|---|---|---|---|---|---|---|---|---|---|---|
| Dewey Decimal Classification | GRACE BIBLE COLLEGE | GRACE BIBLE COLLEGE | Philosophy and Religion | 2017-05-05 | 1 | 296.0973 MEE | 007416 | 2025-05-01 | 2018-10-25 | c.1 | 2017-05-05 | Books |